000 00443 a2200133 4500
245 _aLa situation nutritionnelle dans le département de Vélingara : résultats d'une enquête nutritionnelle effectuée dans cinq (5) villages dans les périmètres irrigués de la Sodagri
100 _aDarey, Y.
700 _aNdiaye, A. M.
300 _a43 p.
035 _a5006
999 _c17595
_d17595